| 000 | 00000nam 2200000za 4500 |
| 001 | 9.842964 |
| 003 | CaOODSP |
| 005 | 20221107152432 |
| 007 | cr ||||||||||| |
| 008 | 171228s2017 qucab ob f000 0 eng d |
| 020 | |a978-0-660-09492-2 |
| 040 | |aCaOODSP|beng |
| 043 | |an-cn--- |
| 086 | 1 |aR74-38/2017E-PDF |
| 100 | 1 |aSimon, Mary. |
| 245 | 12|aA new shared Arctic leadership model |h[electronic resource] / |cfrom Mary Simon, Minister’s special representative. |
| 260 | |a[Gatineau, QC] : |bIndigenous and Northern Affairs Canada, |c2017. |
| 300 | |a32 p. : |bcol. ill., col. maps |
| 500 | |aIssued also in French under title: Un nouveau modèle de leadership partagé dans l'Arctique. |
| 500 | |a"Submitted March 2017." |
| 504 | |aIncludes bibliographical references. |
| 520 | |a"This report provides advice to the Minister of Indigenous and Northern Affairs Canada on two topics: new ambitious conservation goals for the Arctic in the context of sustainable development, and the social and economic priorities of Arctic leaders and Indigenous peoples living in remote Arctic communities"--Provided by publisher. |
| 692 | 07|2gccst|aNorthern Canada |
| 692 | 07|2gccst|aSustainable development |
| 692 | 07|2gccst|aGovernment policy |
| 710 | 1 |aCanada. |bIndigenous and Northern Affairs Canada. |
| 775 | 08|tUn nouveau modèle de leadership partagé dans l'Arctique |w(CaOODSP)9.842965 |
| 856 | 40|qPDF|s3.30 MB|uhttps://publications.gc.ca/collections/collection_2017/aanc-inac/R74-38-2017-eng.pdf |
| 986 | |aQS-8672-000-EE-A1 |